| 000 -LEADER |
| fixed length control field |
01475 a2200205 4500 |
| 020 ## - INTERNATIONAL STANDARD BOOK NUMBER |
| International Standard Book Number |
0444876189 (U.S.) |
| 035 ## - SYSTEM CONTROL NUMBER |
| System control number |
3177298 |
| 040 ## - CATALOGING SOURCE |
| Original cataloging agency |
DLC |
| Language of cataloging |
DLC |
| 245 10 - TITLE STATEMENT |
| Title |
Computer security: a global challenge : proceedings of the Second IFIP International Conference on Computer Security, IFIP/Sec'84, Toronto, Ontario, Canada, 10-12 September, 1984 |
| Remainder of title |
: a global challenge : proceedings of the Second IFIP International Conference on Computer Security, IFIP/Sec'84, Toronto, Ontario, Canada, 10-12 September, 1984 |
| Statement of responsibility, etc. |
edited by James H. Finch and E. Graham Dougall. |
| 260 ## - PUBLICATION, DISTRIBUTION, ETC. |
| Place of publication, distribution, etc. |
Amsterdam |
| -- |
; New York |
| Name of publisher, distributor, etc. |
: North-Holland |
| Place of publication, distribution, etc. |
; New York, N.Y. |
| Name of publisher, distributor, etc. |
: Sole distributors for the U.S.A. and Canada, Elsevier Science Pub. Co., |
| Date of publication, distribution, etc. |
1984. |
| 300 ## - PHYSICAL DESCRIPTION |
| Extent |
xix, 580 p. |
| Other physical details |
: ill. |
| Dimensions |
; 24 cm. |
| 500 ## - GENERAL NOTE |
| General note |
Organized by the Toronto Chapter of the Canadian Information Processing Society under the auspices of the International Federation for Information Processing (IFIP) Technical Committee 11: Security and Protection in Information Processing Systems. |
| 650 #0 - SUBJECT ADDED ENTRY--TOPICAL TERM |
| Topical term or geographic name entry element |
Computer security |
| General subdivision |
Congresses. |
| 650 #0 - SUBJECT ADDED ENTRY--TOPICAL TERM |
| Topical term or geographic name entry element |
Electronic data processing departments |
| General subdivision |
Security measures |
| -- |
Congresses. |
| 700 10 - ADDED ENTRY--PERSONAL NAME |
| Personal name |
Finch, James H. |
| 700 10 - ADDED ENTRY--PERSONAL NAME |
| Personal name |
Dougall, E. Graham. |
| 710 20 - ADDED ENTRY--CORPORATE NAME |
| Corporate name or jurisdiction name as entry element |
International Federation for Information Processing |
| Subordinate unit |
. Technical Committee 11: Security and Protection in Information Processing Systems. |
| 710 20 - ADDED ENTRY--CORPORATE NAME |
| Corporate name or jurisdiction name as entry element |
Canadian Information Processing Society |
| Subordinate unit |
. Toronto Chapter. |
| 942 ## - ADDED ENTRY ELEMENTS (KOHA) |
| Koha item type |
Book |
| Call number prefix |
005.8 FIN |
| Source of classification or shelving scheme |
|